| 000 | 01005nas a2200337 4500 | ||
|---|---|---|---|
| 001 | BR2011000029 | ||
| 003 | BR-BrBNA | ||
| 005 | 20231205114830.0 | ||
| 007 | ta | ||
| 008 | 230509b bl.|||p| |||| 00| 00por d | ||
| 040 |
_aBR-BrBNA _bpor _cBiblioteca Nacional de Agricultura |
||
| 041 | _a(Pt) | ||
| 072 | _aF04 | ||
| 100 | 1 | _aAmaral, T.L. do | |
| 100 | 1 | _aJasmim, J.M. | |
| 100 | 1 | _aNahoum, P.I. | |
| 100 | 1 | _aFreitas, C.B. de | |
| 100 | 1 | _aSales, C.S. | |
| 245 | 1 | _aAdubação nitrogenada e potássica de bromeliáceas cultivadas em fibra de coco e esterco bovino | |
| 650 | _aBROMELIÁCEA | ||
| 650 | _aBROMÉLIA | ||
| 650 | _aFERTILIZANTE NITROGENADO | ||
| 650 | _aFERTILIZANTE POTÁSSICO | ||
| 650 | _aESTERCO DE GADO | ||
| 650 | _aFIBRA | ||
| 650 | _aCOCO | ||
| 650 | _aVALOR NUTRITIVO | ||
| 773 | 0 |
_tHorticultura Brasileira (Brazil) _xISSN 0102-0536 _g(Jul-Sep 2009), v. 27(3) p. 286-290 _wBR2011000029 |
|
| 909 |
_a202311 _bLúcia _c55 _dLúcia Elande |
||
| 942 |
_2AGRIS _n0 _cANA |
||
| 999 |
_c210725 _d210725 |
||